| 000 | 005300000a22001690004500 | ||
|---|---|---|---|
| 003 | MACL | ||
| 005 | 20160211122603.0 | ||
| 008 | 160211b xxu||||| |||| 00| 0 eng d | ||
| 040 |
_aMACL _cMACL |
||
| 041 | _aHindi | ||
| 082 | _a150 | ||
| 100 |
_aविनोबा _937813 |
||
| 245 | _aआत्मज्ञान और विज्ञान | ||
| 260 |
_bअखिल भारत सर्व सेवा संघ प्रकाशन _c1959 _aकाशी |
||
| 650 |
_aPsychology _937814 |
||
| 942 |
_cHIN _k150 _2ddc |
||
| 999 |
_c25481 _d25481 |
||